Obscure Flags Quiz - Statistics

General Stats
  • This quiz has been taken 392 times
  • The average score is 12 of 15
Answer Stats
Picture Answer % Correct
Papua New Guinea
90%
Eswatini
89%
East Timor
86%
Federated States of Micronesia
86%
Grenada
86%
Antigua and Barbuda
84%
Marshall Islands
84%
Togo
84%
Mauritania
81%
Saint Vincent and the Grenadines
80%
Mauritius
79%
Vanuatu
79%
Rwanda
77%
Equatorial Guinea
76%
Saint Kitts and Nevis
75%
No matching quizzes found
Score Distribution
Percent of People with Each Score
Percentile by Number Answered
Your Score History
You have not taken this quiz